| 000 | 01027nam a22002057a 4500 | ||
|---|---|---|---|
| 005 | 20210325190815.0 | ||
| 008 | s2540 th tha d | ||
| 041 | _atha | ||
| 090 | _aว JQ1746.Z2 ศ846ก 2540 | ||
| 100 | 0 | _aเศกสิน ศรีวัฒนานุกูลกิจ | |
| 245 | 1 | 0 | _aการบริหารค่าจ้างและเงินเดือน : ศึกษาเปรียบเทียบภาวะเงินเดือนของข้าราชการฝ่ายต่างๆ |
| 260 | 3 |
_a[เชียงใหม่] : _bคณะสังคมศาสตร์ มหาวิทยาลัยเชียงใหม่, _c2540 |
|
| 300 |
_a87 หน้า ; _b 29 ซม. |
||
| 650 | 0 | 4 | _aเงินเดือน -- วิจัย |
| 650 | 0 | 4 | _aข้าราชการ -- เงินเดือน -- วิจัย |
| 850 | _aNALT | ||
| 942 | _cRSH | ||
| 997 |
_c000000000026456 _kVC |
||
| 998 | _aNisa Luangthongkum | ||
| 999 |
_c26456 _d26456 |
||